000 00900nam a22002657a 4500
005 20110311110551.0
008 110311t xxu||||| |||| 00| 0 eng d
010 _aENG-102097
020 _a9788120342804
_c295.00
035 _aEN-85630
037 _bDBAD / PUB
040 _adpl
_bEng
082 _a515
100 _aRoyden, H. L.
_926476
245 _aReal analysis /
_cby H.L. Royden [and] P.M. Fitzpatrick
250 _a4th ed
260 _aNew Delhi
_bPHI Learning
_c2011
270 _aM-97, Connaught Circus
_bNew Delhi
_e110001
300 _axii, 505p.
_c24cm (pbk)
500 _aIncludes bibliographical references and index
650 _aMathematical analysis.
_926478
700 _aFitzpatrick, P. M.
_926477
942 _2ddc
_cEN
_mROY
_h515
999 _c50987
_d50987